Direct Post direct mailový mesačník slovenských podnikateľov

Gespeichert in:
Bibliographische Detailangaben
Format: Schriftenreihe
Sprache:Slowakisch
Veröffentlicht: Bratislava Direct Post 1995
Schlagworte:
Tags: Tag hinzufügen
Keine Tags, Fügen Sie das erste Tag hinzu!

MARC

LEADER 00000nas2a2200000 4500
001 s102215
005 20221220130725.8
041 0 |a slo 
044 |a SK 
245 1 0 |a Direct Post  |b direct mailový mesačník slovenských podnikateľov 
264 1 |a Bratislava  |b Direct Post  |c 1995 
300 |a 1 zv. 
773 0 |w eu_un_cat*s120123 
610 2 0 |a podnikatelia